000 00592nam a2200181Ia 4500
008 100921s9999 xx 000 0 und d
082 _b2386
_a891.463 थ 65
100 _aभावे पुरूषोत्तम भास्कर.
245 _aपिंजरा.
260 _bकुलकर्णी ग्रंथागार,पुणे.
_c1965
300 _a118
_b---
365 _b4
520 _aललित-कादंबरी.
630 _aपिंजरा.
650 _aललित-कादंबरी.
730 _aपिंजरा.
942 _cBOOK
999 _c751499
_d751496